| 000 | 00573nam a22002057a 4500 | ||
|---|---|---|---|
| 005 | 20170206121956.0 | ||
| 010 | _aENG-117126 | ||
| 020 |
_a9789385755330 _c299.00 |
||
| 035 | _aEN-100658 | ||
| 037 | _bDBAD/PUB | ||
| 082 | _aS | ||
| 100 | _a Godden,Rumer | ||
| 245 |
_aIndian dust : _cby Rumer [and] Jon Godden _bStories / |
||
| 260 |
_aNew Delhi _bSpeaking Tiger _c2016 |
||
| 270 |
_a4381/4, Ansari Road,Daryaganj, _bNew Delhi _e110002 |
||
| 300 |
_axii,218p. _c20cm(pbk) |
||
| 490 | _aA Ruskin Bond Selection | ||
| 700 | _aGodden, Jon | ||
| 942 |
_2ddc _cEN _hS _mGOD |
||
| 999 |
_c105928 _d105928 |
||